000
00309nam a22001457a 4500
082
_a
P-205
100
_a
OD-49
_9
48187
245
_a
Softmate
_c
OD-49
260
_a
Risalpur
_b
MCE
_c
2001
300
_a
v, 67 p:
526
_a
0
_b
0
_c
0
_d
P_205
650
_a
Project
700
_a
OD-49
_9
48187
942
_2
ddc
_c
BK
999
_c
551201
_d
551201